000 01233cam a2200349 a 4500
003 CHAP
005 20220329142305.0
008 000515d1998 us r 10100 eng d
010 _a81135
011 _a82107
020 _a0929355997
035 _a92593
040 _cCHAP
082 0 4 _a630.63
_bI57 1998
111 0 0 _aInternational Conference on Computers
_n(7 :
_d1998 :
_cOrlando, Florida)
_959607
245 1 0 _aProceedings
_c/ed. by Fedro S. Zazueta and Jiannong Xin
260 _aSt. Joseph, Michigan :
_bAmerican Society of Agricultural Engineers,
_c1998.
300 _a999 p.
590 _aBATCH-UPD
_b10
_c20130110
_lUCH01
_h0411
590 _aBATCH-UPD
_b10
_c20130110
_lUCH01
_h2334
590 _aBATCH-UPD
_b10
_c20130410
_lUCH01
_h0045
590 _aBATCH-UPD
_b10
_c20130913
_lUCH01
_h2035
590 _aCONVERSION
_b10
_c20130109
_lUCH01
_h1345
650 1 4 _aAgricultura
_xCongresos.
_91373
650 1 4 _aProcesamiento automático de datos en agricultura.
_991751
700 0 _aXin, Jiannong
_eed.
_9122902
700 0 _aZazueta, Fedro S.
_eed.
_9123837
901 _aBK
905 _aLilia Sánchez G.
942 _cLIBRO
949 _a630.63 I57 1998
_bBC
_cLIBRO
_d33724000778270
_eLIBRO
_gI.202193
_h98017
_i92593
_si
_t$772.00
999 _c81135
_d81135